Konferencia trénerov tenisu

Bibliographic Details
Main Author: Meruňka, Ladislav (Author)
Format: Article
Language:Slovak
Subjects:

MARC

LEADER 00000nab a2200000 a 4500
001 vtls000313399
003 SK-MaSNL
005 20260302215529.0
008 111201c1978 xo 0 slo
015 |a SNBRB19rr/mm-uuuuu 
035 |a CL0003491 
040 |a SNKBUCL  |b slo  |c SNKBUCL  |e AACR2 
041 0 |a slo 
044 |a xo  |c SK 
080 |a 796.3  |2 1981 
100 1 |a Meruňka, Ladislav  |4 aut  |9 45698 
245 1 0 |a Konferencia trénerov tenisu  |c Ladislav Meruňka 
650 0 7 |a tenis  |2 snkbucl  |9 3293 
655 7 |a články z novín a časopisov  |2 snkbucl  |9 267496 
773 0 |t Tréner  |g Roč. 22, č. 2 (1978), s. 85-86 
850 |a Slovenská národná knižnica v Martine  |a MTA001 
852 |a SNK  |b KIS3GCP 
958 |a RK 
992 |a RBX 
999 |c 1502821  |d 1504751